Statistics for Cheng-Yu Cities Map Quiz 成渝城市群

Click here to take the quiz!

General Stats

  • This quiz has been taken 236 times
  • The average score is 11 of 20

Answers on the Map

Answers color-coded by a green-red scale on the quiz's map according to % correct below.
 

Answer Stats

Answer% Correct
Chengdu
成都
94%
Chongqing
重庆
92%
Mianyang
绵阳
68%
Leshan
乐山
58%
Luzhou
泸州
58%
Wanzhou
万州
57%
Yibin
宜宾
56%
Dazhou
达州
55%
Fuling
涪陵
55%
Jianyang
简阳
55%
Meishan
眉山
52%
Nanchong
南充
50%
Jiangjin
江津
48%
Zigong
自贡
46%
Qijiang
綦江
45%
Suining
遂宁
45%
Yongchuan
永川
44%
Neijiang
内江
43%
Kaizhou
开州
41%
Hechuan
合川
39%

Score Distribution

Percentile by Number Answered

Percent of People with Each Score

Your Score History

You have not taken this quiz